000 00365pam a2200157a 44500
008 230515b1999 xxu||||| |||| 00| 0 eng d
020 _aNULL
041 _aENG
082 _a610.73
100 _aB A cello
245 _aThe Nurses survival hand book
250 _a0
260 _aNULL
_b"Delmar thomson learning, nd, "
_c1999
300 _a578
650 _aNULL
999 _c523358
_d523358